00549nam a22001577a 4500082003200000100002900032245005600061250000800117260005000125300003600175526003700211650001300248942001200261999001900273952009900292 a621.381537bKEIcL-10, L-32 aKeister, William 941706 aThe Design of Switching CircuitscKeister, William  a8th aNew YorkbD. Van Nostrand Company, Inc.c1951 axviii, 556 p. ;bill, ;c22 cm. a0b0c0d621_381537000000000_KEI aMCE9379 2ddccBK c545752d545752 00102ddc4070aMCEbMCEd2014-05-29l0o621.381537 KEIpMCE-2451r2014-05-29w2014-05-29yBK